Logo BPK

Biblioteka

Politechniki Koszalińskiej

Bauschäden : (Rekord nr 21057)

Szczegóły MARC
000 -ETYKIETA REKORDU
podpole kontrolne o stałej długości 00485nam a2200193 i 4500
001 - NUMER KONTROLNY REKORDU
pole kontrolne bg
020 ## - MIĘDZYNARODOWY ZNORMALIZOWANY NUMER KSIĄŻKI - ISBN
ISBN 3762507139
040 ## - ŹRÓDŁO KATALOGOWANIA
Instytucja, która utworzyła rekord BPK
041 ## - KOD JĘZYKA
Kod języka tekstu pol
080 ## - UNIWERSALNA KLASYFIKACJA DZIESIĘTNA - UKD
UKD 69.059
920 ## - Międzynarodowy znormalizowany numer książki – ISBN
ISBN 3-7625-0713-9
008 - POLE O STAŁEJ DŁUGOŚCI - DANE KONTROLNE
podpole kontrolne o stałej długości s pl f |000 0 pol
100 1# - NAZWA OSOBOWA
Nazwa osobowa ALBRECHT, Rudolf
245 #0 - TYTUŁ/ODPOWIEDZIALNOŚĆ
Tytuł Bauschäden :
Ciąg dalszy tytułu vermeiden, untersuchen, sanieren /
Pozostałe elementy strefy tytułu i oznaczenia odpowiedzialności Rudolf Albrecht.
250 ## - STREFA WYDANIA
Oznaczenie wydania 2 durchges. Aufl.
260 ## - STREFA ADRESU WYDAWNICZEGO
Miejsce wydania Berlin :
Nazwa wydawcy/dystrybutora Bauverlag,
Data publikacji, dystrybucji/powstania dokumentu 1977.
650 #9 - HASŁO PRZEDMIOTOWE W FORMIE NAZWY OGÓLNEJ LUB JEDNOSTKOWEJ
Nazwa ogólna lub geograficzna Budownictwo
856 ## - LOKALIZACJA I DOSTĘP DO ELEKTRONICZNYCH DOKUMENTÓW ZDALNYCH
Link (URL) http://koha.tu.koszalin.pl/cgi-bin/koha/opac-detail.pl?biblionumber=21057
Tekst linku Katalog online BPK
942 ## - DODATKOWE ELEMENTY (KOHA)
Typ dokumentu Książka
Egzemplarze
Wycofany Status egzemplarza Uszkodzony Dostępność Lokalizacja stała Lokalizacja bieżąca Miejsce przechowywania Sygnatura Kod kreskowy Typ dokumentu
      Dostępny Biblioteka Politechniki Koszalińskiej Biblioteka Politechniki Koszalińskiej Wypożyczalnia BG 29554 02059716 Książka
© 2023 Biblioteka Politechniki Koszalińskiej :: KOHA